000 00792cab a2200229 4500
001 WB3132-05
008 090401t1995 xxu||||| |||| 00| 0 eng d
035 _a(Sirsi) u57157
041 _aeng
245 _aQuality staff key to win road jobs
260 _c1995
350 _a0
490 _aConstruction News
_v(6430) 31 August 1995, 1(1)
520 _aThe Highways Agency is to question contractors on the quality of their key staff when it assesses bids for roads jobs. The agency wants contractors to provide details of staff training and experience as part of the tendering process.
650 _aHIGHWAYS AGENCY
650 _aPERSONNEL CLAUSE
650 _aROAD CONTRACTS
650 _aSTAFF EXPERIENCE
690 _aBUILT ENVIRONMENT
942 _n0
948 _c04/03/1997
999 _c34830
_d34830